[Event "Hong Kong op"]
[Site "Hong Kong"]
[Date "2018.09.03"]
[Round "1"]
[White "Lau, Joe Yiu Cho"]
[Black "Chan, Tai Yuen Gabriel"]
[Result "1-0"]
[WhiteElo "1554"]
[BlackElo "1231"]
[PlyCount "41"]
[EventDate "2018.09.03"]
[EventType "swiss"]
[EventRounds "7"]
[EventCountry "HKG"]
[SourceTitle "CBM 187 Extra"]
[Source "ChessBase"]
[SourceDate "2018.11.04"]
[SourceVersion "1"]
[SourceVersionDate "2018.11.04"]
[SourceQuality "1"]

1. d4 d5 2. c4 c6 3. Nf3 Bf5 4. Nc3 Nf6 5. cxd5 Nxd5 6. Qb3 b6 7. e4 Nxc3 8. exf5 Nb5 9. Bxb5 cxb5 10. Qxb5+ Nd7 11. 0-0 a6 12. Qb3 g6 13. Ng5 e6 14. fxe6 fxe6 15. Nxe6 Qc8 16. Re1 Be7 17. Bh6 Qc6 18. Rac1 Qb7 19. Qe3 Rb8 20. Nc7+ Qxc7 21. Qxe7# 1-0

[Event "Hong Kong-ch prel"]
[Site "Hong Kong"]
[Date "2018.03.26"]
[Round "11"]
[White "Lau, Joe Yiu Cho"]
[Black "Leung, Hoi Ting"]
[Result "0-1"]
[WhiteElo "1569"]
[BlackElo "1257"]
[PlyCount "84"]
[EventDate "2018.01.08"]
[EventType "swiss"]
[EventRounds "11"]
[EventCountry "HKG"]
[SourceTitle "EXT 2019"]
[Source "ChessBase"]
[SourceDate "2018.10.10"]
[SourceVersion "1"]
[SourceVersionDate "2018.10.10"]
[SourceQuality "1"]

1. d4 d5 2. c4 dxc4 3. e3 Nf6 4. Nc3 e6 5. Bxc4 Be7 6. Nf3 0-0 7. a3 c6 8. h3 Nbd7 9. Qc2 Qc7 10. b4 a6 11. Bb2 Bd6 12. Ne2 h6 13. e4 e5 14. dxe5 Nxe5 15. Rd1 Nxf3+ 16. gxf3 Be6 17. Bxf6 gxf6 18. Qc1 Kh7 19. Bd3 Be7 20. Ng3 Rg8 21. f4 Bf8 22. Nh5 Qe7 23. Qc3 Bg7 24. e5+ f5 25. Ng3 Qh4 26. Qd2 Rad8 27. Nxf5 Bxf5 28. Bxf5+ Kh8 29. Qxd8 Rxd8 30. Rxd8+ Qxd8 31. Rg1 Qd4 32. Rg4 Qa1+ 33. Ke2 Qxa3 34. Rg3 Qxb4 35. Kf3 a5 36. h4 a4 37. h5 a3 38. Kg4 a2 39. Rg1 Bxe5 40. Rd1 Qxf4+ 41. Kh3 Qf3+ 42. Kh4 Bf6# 0-1

[Event "Hong Kong-chT"]
[Site "Hong Kong"]
[Date "2017.05.22"]
[Round "6.1"]
[White "Lau, Joe Yiu Cho"]
[Black "Lam, Daniel King Wai"]
[Result "0-1"]
[WhiteElo "1565"]
[BlackElo "2202"]
[PlyCount "54"]
[EventDate "2017.04.03"]
[EventType "team-swiss"]
[EventRounds "7"]
[EventCountry "HKG"]
[SourceTitle "CBM 178 Extra"]
[Source "ChessBase"]
[SourceDate "2017.06.22"]
[SourceVersion "1"]
[SourceVersionDate "2017.06.22"]
[SourceQuality "1"]
[WhiteTeam "Two Beats Six"]
[BlackTeam "Two Lions and Three Cubs"]
[WhiteTeamCountry "HKG"]
[BlackTeamCountry "HKG"]

1. e4 e6 2. d4 d5 3. e5 c5 4. c3 Nc6 5. Nf3 Qb6 6. Bd3 cxd4 7. Ng5 Nxe5 8. Bxh7 Nf6 9. cxd4 Nc6 10. Bc2 Qxd4 11. Nc3 Qe5+ 12. Qe2 Rxh2 13. Rxh2 Qxh2 14. Ba4 Qxg2 15. Nb5 Qg1+ 16. Qf1 Bb4+ 17. Ke2 Qxf1+ 18. Kxf1 Ke7 19. Bf4 Ne8 20. a3 Ba5 21. Rc1 Bd7 22. Nc3 f6 23. Nf3 Bxc3 24. Rxc3 e5 25. Bg3 Nd6 26. Rc5 d4 27. Bc2 b6 0-1

[Event "Hong Kong-ch prel"]
[Site "Hong Kong"]
[Date "2017.01.16"]
[Round "2"]
[White "Lau, Joe Yiu Cho"]
[Black "Ng, Alfred Chun Hei"]
[Result "0-1"]
[WhiteElo "1572"]
[BlackElo "1667"]
[PlyCount "70"]
[EventDate "2017.01.09"]
[EventType "swiss"]
[EventRounds "11"]
[EventCountry "HKG"]
[SourceTitle "EXT 2018"]
[Source "ChessBase"]
[SourceDate "2017.10.13"]
[SourceVersion "1"]
[SourceVersionDate "2017.10.13"]
[SourceQuality "1"]

1. e4 c5 2. Nf3 d6 3. Nc3 Nf6 4. Be2 g6 5. d4 cxd4 6. Nxd4 Bg7 7. f3 0-0 8. Be3 Nc6 9. Qd2 d5 10. 0-0-0 Nxd4 11. Bxd4 dxe4 12. fxe4 Qa5 13. Kb1 Be6 14. Nd5 Qxd2 15. Nxe7+ Kh8 16. Rxd2 Nxe4 17. Bxg7+ Kxg7 18. Rd4 Nf6 19. Bf3 Rad8 20. Rhd1 Rxd4 21. Rxd4 Re8 22. Nxg6 fxg6 23. b3 Re7 24. Kb2 b6 25. a4 Rd7 26. Rxd7+ Nxd7 27. b4 Kf6 28. Kc3 Ke5 29. a5 bxa5 30. bxa5 Bd5 31. Kb4 Bxf3 32. gxf3 a6 33. Kc4 Kd6 34. f4 Nc5 35. Kb4 Ne6 0-1

[Event "Hong Kong Jolimark op"]
[Site "Hong Kong"]
[Date "2016.12.27"]
[Round "4"]
[White "Lau, Joe Yiu Cho"]
[Black "Xu, Yuze"]
[Result "0-1"]
[WhiteElo "1627"]
[BlackElo "1986"]
[PlyCount "82"]
[EventDate "2016.12.26"]
[EventType "swiss"]
[EventRounds "9"]
[EventCountry "HKG"]
[SourceTitle "CBM 176 Extra"]
[Source "ChessBase"]
[SourceDate "2017.03.02"]
[SourceVersion "1"]
[SourceVersionDate "2017.03.02"]
[SourceQuality "1"]

1. e4 c5 2. Nf3 Nc6 3. Bb5 e6 4. 0-0 Nge7 5. Nc3 a6 6. Bxc6 Nxc6 7. d4 cxd4 8. Nxd4 Be7 9. Be3 Qc7 10. Qg4 Bf6 11. Rad1 0-0 12. f4 Bxd4 13. Bxd4 Nxd4 14. Rxd4 Qb6 15. Rfd1 Qxb2 16. Na4 Qxc2 17. Nb6 Rb8 18. f5 exf5 19. exf5 d6 20. Nd5 Kh8 21. Ne7 Qc5 22. Kh1 Qe5 23. Qh4 h6 24. Rxd6 Kh7 25. R6d5 Qe3 26. Re1 Qc3 27. Qe4 Re8 28. f6+ g6 29. Re5 Bd7 30. h4 Qg3 31. h5 Qg4 32. hxg6+ fxg6 33. Qd5 Rf8 34. Qd6 Rbd8 35. R1e4 Qg3 36. Re3 Qf2 37. Rf3 Qh4+ 38. Kg1 Bc6 39. Qe6 Rd1+ 40. Rf1 Rxf1+ 41. Kxf1 Rxf6+ 0-1

[Event "Hong Kong op"]
[Site "Hong Kong"]
[Date "2016.10.31"]
[Round "5"]
[White "Uppal, Tejpal Singh"]
[Black "Lau, Joe Yiu Cho"]
[Result "1-0"]
[WhiteElo "1442"]
[BlackElo "1627"]
[PlyCount "57"]
[EventDate "2016.10.03"]
[EventType "swiss"]
[EventRounds "9"]
[EventCountry "HKG"]
[SourceTitle "EXT 2018"]
[Source "ChessBase"]
[SourceDate "2017.10.13"]
[SourceVersion "1"]
[SourceVersionDate "2017.10.13"]
[SourceQuality "1"]

1. c4 c5 2. Nc3 Nf6 3. g3 d5 4. cxd5 Nxd5 5. Bg2 e6 6. Nf3 Nc6 7. 0-0 Be7 8. Nxd5 exd5 9. d4 Be6 10. b3 Bf6 11. Bb2 0-0 12. Qd2 c4 13. Rac1 Rc8 14. bxc4 dxc4 15. e4 Qb6 16. e5 Be7 17. d5 Rfd8 18. d6 Bf8 19. Rfe1 Rd7 20. Ng5 Nd8 21. Nxe6 Nxe6 22. Bd5 Qb5 23. Re4 Ng5 24. Rg4 Rc5 25. Bg2 Ne6 26. Bf1 h6 27. Bxc4 Ng5 28. Bxb5 Nf3+ 29. Kg2 1-0

[Event "Hong Kong op"]
[Site "Hong Kong"]
[Date "2016.10.17"]
[Round "3"]
[White "Lau, Joe Yiu Cho"]
[Black "Zeng, Yu"]
[Result "0-1"]
[WhiteElo "1627"]
[BlackElo "1343"]
[PlyCount "76"]
[EventDate "2016.10.03"]
[EventType "swiss"]
[EventRounds "9"]
[EventCountry "HKG"]
[SourceTitle "EXT 2018"]
[Source "ChessBase"]
[SourceDate "2017.10.13"]
[SourceVersion "1"]
[SourceVersionDate "2017.10.13"]
[SourceQuality "1"]

1. e4 e5 2. Nf3 Nc6 3. d4 exd4 4. Nxd4 Nf6 5. Nc3 Bb4 6. f3 d5 7. Bb5 Bd7 8. Bxc6 Bxc3+ 9. bxc3 Bxc6 10. e5 Qe7 11. 0-0 Nd7 12. Nf5 Qf8 13. Qd4 g6 14. Bh6 Qc5 15. Ng7+ Ke7 16. Rfe1 Bb5 17. e6 Qxd4+ 18. cxd4 Nf6 19. Re5 Bc6 20. Rae1 Ng8 21. Bf4 f6 22. R5e3 Rc8 23. g4 h6 24. Kf2 Rh7 25. Nf5+ gxf5 26. gxf5 Kd8 27. Rg1 Ne7 28. Ree1 Nxf5 29. Rg8+ Be8 30. c3 c5 31. dxc5 Rxc5 32. Bd2 Ra5 33. Re2 Rxa2 34. Rf8 Ke7 35. Rg8 Rb2 36. Ke1 Bb5 37. Reg2 Rb1+ 38. Kf2 Rf1# 0-1

[Event "Hong Kong op"]
[Site "Hong Kong"]
[Date "2016.10.10"]
[Round "2"]
[White "Woo, Nicholas Tsz Chuen"]
[Black "Lau, Joe Yiu Cho"]
[Result "1-0"]
[WhiteElo "1565"]
[BlackElo "1627"]
[PlyCount "91"]
[EventDate "2016.10.03"]
[EventType "swiss"]
[EventRounds "9"]
[EventCountry "HKG"]
[SourceTitle "EXT 2018"]
[Source "ChessBase"]
[SourceDate "2017.10.13"]
[SourceVersion "1"]
[SourceVersionDate "2017.10.13"]
[SourceQuality "1"]

1. e4 e6 2. d4 d5 3. e5 c5 4. c3 Nd7 5. f4 Ne7 6. Nf3 Nc6 7. Be3 Qb6 8. Qc2 cxd4 9. Bxd4 Nxd4 10. Nxd4 f6 11. exf6 Nxf6 12. Bb5+ Bd7 13. Bxd7+ Nxd7 14. 0-0 Bc5 15. Qd2 0-0 16. Kh1 e5 17. Nb3 Qd6 18. Na3 Bxa3 19. bxa3 exf4 20. c4 Nb6 21. c5 Qd7 22. cxb6 axb6 23. Rf3 Qd6 24. Nd4 Rxa3 25. Rxa3 Qxa3 26. Ne6 Rf5 27. Nxf4 Qd6 28. Nd3 Qf6 29. Qe1 g6 30. Rc1 Kg7 31. Rc7+ Kh6 32. Qe3+ Qg5 33. Qxg5+ Rxg5 34. g3 d4 35. Rxb7 Ra5 36. Rxb6 Rxa2 37. Rb2 Rxb2 38. Nxb2 Kg5 39. Kg2 Kg4 40. h3+ Kf5 41. Kf3 h5 42. Nd3 g5 43. g4+ Kg6 44. Ke4 hxg4 45. hxg4 Kf6 46. Kxd4 1-0

[Event "Hong Kong-ch prel"]
[Site "Hong Kong"]
[Date "2016.01.25"]
[Round "4"]
[White "Lau, Joe Yiu Cho"]
[Black "Liu, Ho Yin"]
[Result "1-0"]
[WhiteElo "1641"]
[BlackElo "1491"]
[PlyCount "126"]
[EventDate "2016.01.04"]
[EventType "swiss"]
[EventRounds "11"]
[EventCountry "HKG"]
[SourceTitle "EXT 2017"]
[Source "ChessBase"]
[SourceDate "2016.10.25"]
[SourceVersion "1"]
[SourceVersionDate "2016.10.25"]
[SourceQuality "1"]

1. b3 e5 2. Bb2 Nc6 3. e3 Bc5 4. Bb5 d6 5. d4 exd4 6. exd4 Bb4+ 7. c3 Ba5 8. d5 a6 9. Qe2+ Qe7 10. Bxc6+ bxc6 11. dxc6 Bg4 12. f3 Be6 13. Nd2 Nf6 14. c4 Bxd2+ 15. Kxd2 Nh5 16. g3 d5 17. cxd5 Rd8 18. Ke1 Rxd5 19. Rc1 0-0 20. Qe3 Rfd8 21. Ne2 Rd3 22. Qe4 Nf6 23. Bxf6 Qxf6 24. Kf2 Rd2 25. Rhe1 R8d4 26. Qe3 R2d3 27. Nxd4 Rxe3 28. Kxe3 Qh6+ 29. Kd3 Qg5 30. g4 h6 31. Rc2 Qg6+ 32. Kc3 Qf6 33. Rce2 Bd5 34. Re5 Bxc6 35. R1e3 Kh7 36. h4 Bb7 37. h5 Qd6 38. Nf5 Qc6+ 39. Kb2 Qf6 40. Nd4 c5 41. Ne2 Bxf3 42. Nc3 Bxg4 43. Ka3 Bxh5 44. Rxh5 Qf1 45. Rhe5 Qc1+ 46. Ka4 Qg1 47. Nd5 f6 48. Re7 Qd1 49. Nxf6+ Kg6 50. Ne8 Qd8 51. Rxg7+ Kf5 52. Rf7+ Kg5 53. Re5+ Kg4 54. Nf6+ Kh3 55. Re3+ Kh4 56. Re4+ Kh3 57. Ng4 Qd5 58. Nf2+ Kg2 59. Rg4+ Kh2 60. Rff4 Qd7+ 61. Ka3 Qd6 62. Ne4 Qe7 63. Rf2+ Kh1 1-0

[Event "Hong Kong op"]
[Site "Hong Kong"]
[Date "2015.10.04"]
[Round "7"]
[White "Lau, Joe Yiu Cho"]
[Black "Gong, Patrick"]
[Result "0-1"]
[WhiteElo "1628"]
[BlackElo "1907"]
[PlyCount "104"]
[EventDate "2015.10.01"]
[EventType "swiss"]
[EventRounds "9"]
[EventCountry "HKG"]
[SourceTitle "CBM 168 Extra"]
[Source "ChessBase"]
[SourceDate "2015.10.29"]
[SourceVersion "1"]
[SourceVersionDate "2015.10.29"]
[SourceQuality "1"]

1. e4 d5 2. exd5 Nf6 3. c4 c6 4. dxc6 Nxc6 5. Nc3 e5 6. d3 Bc5 7. Be2 0-0 8. Nf3 Bf5 9. 0-0 Qd7 10. Be3 b6 11. Bxc5 bxc5 12. Ng5 Nd4 13. Nge4 Bxe4 14. Nxe4 Nxe4 15. dxe4 Qb7 16. b3 Rad8 17. Bf3 Rd6 18. Qd3 Qe7 19. Bd1 Qh4 20. g3 Qh3 21. f4 Rh6 22. Qd2 f5 23. exf5 e4 24. Qg2 Qxg2+ 25. Kxg2 e3 26. Re1 Re8 27. Bf3 Ra6 28. Bd5+ Kf8 29. Be6 Nc2 30. a4 Rd6 31. Rac1 Rd2+ 32. Kf3 Rf2+ 33. Ke4 Nxe1 34. Rxe1 e2 35. Ke3 Rxh2 36. Rxe2 Rxe2+ 37. Kxe2 Rb8 38. g4 Rxb3 39. g5 h5 40. gxh6 gxh6 41. f6 Rb4 42. Kf3 Rxa4 43. Ke4 Ra6 44. Kd5 Rxe6 45. Kxe6 a5 46. Kd5 a4 47. Kxc5 a3 48. Kb6 a2 49. c5 a1Q 50. c6 Qxf6 51. Kb7 Qxf4 52. c7 Qxc7+ 0-1

[Event "Hong Kong op"]
[Site "Hong Kong"]
[Date "2015.10.04"]
[Round "8"]
[White "Tan, Jun Ying"]
[Black "Lau, Joe Yiu Cho"]
[Result "1-0"]
[WhiteElo "2013"]
[BlackElo "1628"]
[PlyCount "67"]
[EventDate "2015.10.01"]
[EventType "swiss"]
[EventRounds "9"]
[EventCountry "HKG"]
[SourceTitle "CBM 168 Extra"]
[Source "ChessBase"]
[SourceDate "2015.10.29"]
[SourceVersion "1"]
[SourceVersionDate "2015.10.29"]
[SourceQuality "1"]

1. c4 g6 2. Nc3 Bg7 3. g3 e6 4. Bg2 Ne7 5. e4 0-0 6. d3 c5 7. Be3 b6 8. Nge2 Nbc6 9. 0-0 Bb7 10. Qd2 Ne5 11. h3 N7c6 12. f4 d6 13. fxe5 Nxe5 14. Rad1 Qe7 15. b3 Rad8 16. d4 Nd7 17. d5 e5 18. g4 f6 19. Ng3 Rf7 20. h4 Kf8 21. Bh3 Ke8 22. g5 Nf8 23. Kg2 Bc8 24. Bxc8 Rxc8 25. Rf3 Rc7 26. Rdf1 Nd7 27. Qf2 Bh8 28. gxf6 Qf8 29. h5 Nxf6 30. Nb5 Rcd7 31. Bg5 Nxh5 32. Rxf7 Rxf7 33. Qxf7+ Qxf7 34. Nxd6+ 1-0

[Event "Hong Kong Summer op"]
[Site "Hong Kong"]
[Date "2015.07.27"]
[Round "7"]
[White "Lau, Joe Yiu Cho"]
[Black "Luk, Luen Wah"]
[Result "1/2-1/2"]
[WhiteElo "1589"]
[BlackElo "2082"]
[PlyCount "72"]
[EventDate "2015.06.22"]
[EventType "swiss"]
[EventRounds "9"]
[EventCountry "HKG"]
[SourceTitle "EXT 2016"]
[Source "ChessBase"]
[SourceDate "2015.10.08"]
[SourceVersion "1"]
[SourceVersionDate "2015.10.08"]
[SourceQuality "1"]

1. e4 c5 2. Nf3 Nc6 3. Nc3 d6 4. Bb5 Bd7 5. Bxc6 Bxc6 6. d3 Nf6 7. Bg5 e6 8. e5 dxe5 9. Nxe5 Bxg2 10. Rg1 Bd5 11. Qe2 Be7 12. 0-0-0 Rc8 13. Kb1 a6 14. Rde1 b5 15. Bh4 Kf8 16. Rg5 h6 17. Nxf7 Kxf7 18. Nxd5 exd5 19. Qe6+ Kf8 20. Rge5 Rc7 21. Qb6 Qd6 22. Qb8+ Qd8 23. Qb6 Bd6 24. Bxf6 gxf6 25. Re8+ Qxe8 26. Rxe8+ Kxe8 27. Qxd6 Re7 28. b3 Rhh7 29. Qxf6 c4 30. Qc6+ Kf8 31. Qxd5 cxd3 32. Qxd3 Re1+ 33. Kb2 Rhe7 34. Qf5+ Kg7 35. Qg4+ Kf7 36. Qf4+ Kg7 1/2-1/2

[Event "Hong Kong Summer op"]
[Site "Hong Kong"]
[Date "2015.06.29"]
[Round "2"]
[White "Lau, Joe Yiu Cho"]
[Black "Lai, Sai Wing"]
[Result "0-1"]
[WhiteElo "1589"]
[BlackElo "1808"]
[PlyCount "82"]
[EventDate "2015.06.22"]
[EventType "swiss"]
[EventRounds "9"]
[EventCountry "HKG"]
[SourceTitle "EXT 2016"]
[Source "ChessBase"]
[SourceDate "2015.10.08"]
[SourceVersion "1"]
[SourceVersionDate "2015.10.08"]
[SourceQuality "1"]

1. e4 e5 2. f4 exf4 3. Nf3 g5 4. Nc3 d6 5. h3 Nc6 6. d4 Bg7 7. g3 g4 8. hxg4 Bxg4 9. Be2 fxg3 10. d5 g2 11. Rg1 Bxf3 12. dxc6 Qh4+ 13. Kd2 Bxc3+ 14. Kxc3 Bxe4 15. Qd4 Qf6 16. Be3 Bxc6 17. Rae1 0-0-0 18. Bg4+ Kb8 19. Bh3 h5 20. Bxg2 Bxg2 21. Rxg2 Qxd4+ 22. Kxd4 Ne7 23. Bg5 Nc6+ 24. Kc3 Rde8 25. Rf1 Rh7 26. Bf6 b6 27. Rf5 h4 28. Kc4 Ne5+ 29. Kd5 h3 30. Rg1 Kb7 31. Bxe5 Rxe5+ 32. Rxe5 dxe5 33. Kxe5 h2 34. Rh1 c5 35. Kf4 Kc6 36. c4 a6 37. b3 b5 38. Kg3 bxc4 39. bxc4 Kd6 40. Rd1+ Ke5 41. Kg2 h1Q+ 0-1

[Event "Hong Kong-ch prel"]
[Site "Hong Kong"]
[Date "2015.02.16"]
[Round "7"]
[White "Lau, Joe Yiu Cho"]
[Black "Scott, Ian"]
[Result "1/2-1/2"]
[WhiteElo "1570"]
[BlackElo "1671"]
[PlyCount "79"]
[EventDate "2015.01.05"]
[EventType "swiss"]
[EventRounds "9"]
[EventCountry "HKG"]
[SourceTitle "EXT 2016"]
[Source "ChessBase"]
[SourceDate "2015.10.08"]
[SourceVersion "1"]
[SourceVersionDate "2015.10.08"]
[SourceQuality "1"]

1. d4 Nf6 2. c4 c5 3. Nf3 cxd4 4. Nxd4 e5 5. Nb3 d5 6. cxd5 Qxd5 7. Qxd5 Nxd5 8. e4 Nb4 9. Kd1 Be6 10. N1d2 N8c6 11. a3 Rd8 12. axb4 Bxb3+ 13. Ke1 Bxb4 14. Bb5 0-0 15. Bxc6 bxc6 16. Ke2 Bc2 17. f3 Rd7 18. Nf1 f5 19. exf5 Bxf5 20. Ng3 Bd3+ 21. Kf2 e4 22. Be3 a5 23. f4 Rb7 24. Rhc1 Bd6 25. Rxc6 Rxb2+ 26. Kg1 Bxf4 27. Bd4 Rd2 28. Nh5 Bb5 29. Rc5 Rxd4 30. Nxf4 Rxf4 31. Rxb5 e3 32. g3 Rf8 33. Rbxa5 h6 34. Re1 Re8 35. Ra2 Kh7 36. Rae2 Rde4 37. Kg2 R4e7 38. Kf3 Rf7+ 39. Kg2 Rfe7 40. Kf3 1/2-1/2

[Event "Hong Kong-ch prel"]
[Site "Hong Kong"]
[Date "2015.02.02"]
[Round "5"]
[White "Gurung, Mohan Kumar"]
[Black "Lau, Joe Yiu Cho"]
[Result "1-0"]
[WhiteElo "1713"]
[BlackElo "1570"]
[PlyCount "99"]
[EventDate "2015.01.05"]
[EventType "swiss"]
[EventRounds "9"]
[EventCountry "HKG"]
[SourceTitle "EXT 2016"]
[Source "ChessBase"]
[SourceDate "2015.10.08"]
[SourceVersion "1"]
[SourceVersionDate "2015.10.08"]
[SourceQuality "1"]

1. e4 c5 2. d4 cxd4 3. c3 dxc3 4. Nxc3 Nc6 5. Nf3 e5 6. Bc4 Nf6 7. Ng5 d5 8. Nxd5 Nxd5 9. Bxd5 Bb4+ 10. Kf1 Be6 11. Nxe6 fxe6 12. Bxc6+ bxc6 13. Qxd8+ Rxd8 14. Ke2 0-0 15. Be3 Rf7 16. Rhd1 Rb8 17. Rd3 Ba5 18. b3 Bb6 19. Rd6 Bxe3 20. Kxe3 Re7 21. Rxc6 Kf7 22. Rac1 Rbb7 23. h4 h6 24. g4 Kf6 25. f3 Red7 26. R6c5 Rb4 27. Rc7 Rbd4 28. Rxd7 Rxd7 29. Ke2 Ke7 30. Rd1 Rxd1 31. Kxd1 Kd6 32. Kc2 Kc5 33. Kc3 g6 34. a3 Kb5 35. a4+ Ka5 36. Kc4 g5 37. h5 a6 38. Kc3 Kb6 39. b4 Kb7 40. Kc4 Kb6 41. b5 a5 42. Kb3 Kc5 43. Kc3 Kb6 44. Kc4 Kb7 45. Kc5 Ka7 46. Kd6 Kb7 47. Kxe6 Kb6 48. Kxe5 Kc5 49. Kf6 Kb4 50. b6 1-0